000 00615nam a2200229Ia 4500
003 OSt
005 20220928102836.0
006 a|||||r|||| 00| 0
007 ta
008 220927b |||||||| |||| 00| 0 eng d
024 _a27916
037 _cTextual
040 _aSDCL
_cSDCL
_beng
041 _2eng
_aeng
082 _aV2y7M79, L8
100 _aChar K T Narasimha
_9400725
245 0 _aC Rajagopalachari
_b His life and mind.
260 _aNew Delhi
_bHeritage
_c1978
300 _a184p
_ccm.
942 _hV2y7M79, L8
_cTEXL
_2CC
999 _c716621
_d716621